Statistics for Most Guessed Pokemon Quiz

Click here to take the quiz!

General Stats

  • This quiz has been taken 96 times
  • The average score is 10 of 13

Answer Stats

Percent Correct (%)Pokemon% Correct
94Pikachu
95%
93Bulbasaur
92%
91Squirtle
92%
93Charmander
88%
91Charizard
87%
85Blastoise
83%
85Mew
78%
80Mewtwo
77%
80Wartortle
72%
82Ivysaur
70%
86Charmeleon
64%
84Raichu
55%
76Butterfree
42%

Score Distribution

Percentile by Number Answered

Percent of People with Each Score

Your Score History

You have not taken this quiz